Medzipodniková spolupráca v coworkingovom priestore bakalárska práca

Saved in:
Bibliographic Details
Main Author: Jadrníčková, Erika
Corporate Author: Národohospodárska fakulta EU. Katedra financií
Other Authors: Rafaj, Oliver, 1989-
Format: Book
Language:Slovak
Published: Bratislava 2024
Tags: Add Tag
No Tags, Be the first to tag this record!

MARC

LEADER 00000nbm a2200000 4500
001 0301749
005 20241025102314.4
041 0 |a slo 
044 |a SK 
245 1 0 |a Medzipodniková spolupráca v coworkingovom priestore  |b bakalárska práca  |c Erika Jadrníčková ; školiteľ: Oliver Rafaj 
264 1 |a Bratislava  |c 2024 
300 |a 58 s. 
100 1 |a Jadrníčková, Erika 
700 1 |a Rafaj, Oliver, 1989- 
710 2 |a Národohospodárska fakulta EU. Katedra financií